| 000 | 00401nam a22001697a 4500 | ||
|---|---|---|---|
| 003 | OSt | ||
| 008 | 250711b |||||||| |||| 00| 0 eng d | ||
| 020 | _a9789354438714 | ||
| 082 | _a302.1 SIS | ||
| 100 | _aSINGH, Arun kumar | ||
| 245 | _aSocial Psychology | ||
| 250 | _a3rd. ed. | ||
| 260 |
_aDelhi, _bPHI Learning Pvt. Ltd, _c2025, |
||
| 300 | _a367 p. | ||
| 650 | _aPsychology | ||
| 942 |
_2ddc _cBK |
||
| 999 |
_c13676 _d13676 |
||